00550nam a2200205 a 4500001001300000003000900013005001700022008004100039020001000080082001300090100002100103245004300124260004900167300000900216500003500225505001000260650002500270650002800295700002100323nice12345678IN_TiNIC20260116013531.0050524s1986 newa grp 000 0 eng  ac41400a291bLEE aLeeuw, G Van Der aReligion in Essence and Manifestation. aNew JersybPrinceston University Pressc1986 a727p aincludes index and biblioraphy2 aIndex aComparative Religion aReligion-Historiography1 aLeeuw, G Van Der